LIBRARY & INFORMATION CENTRE, KCAET, TAVANUR

ONLINE PUBLIC ACCESS CATALOGUE (OPAC)

Sasya anatomy / (Record no. 4624)

MARC details
000 -LEADER
fixed length control field 00591cam a2200241ua 4500
041 ## - LANGUAGE CODE
Language code of text/sound track or separate title mal
082 ## - DEWEY DECIMAL CLASSIFICATION NUMBER
Classification number 581.4
Item number MAL/AN
100 ## - MAIN ENTRY--AUTHOR NAME
Personal name Malathy, Raghavan.
245 ## - TITLE STATEMENT
Title Sasya anatomy /
260 ## - PUBLICATION, DISTRIBUTION, ETC. (IMPRINT)
Place of publication Thiruvananthapuram :
Name of publisher State Instititute of Languages ,
Year of publication 1973.
300 ## - PHYSICAL DESCRIPTION
Number of Pages 414 ; .
942 ## - ADDED ENTRY ELEMENTS (KOHA)
Koha item type Books
Holdings
Withdrawn status Lost status Damaged status Home library Current library Date acquired Full call number Accession Number Koha item type
      KAUAET   07/04/2012 581.4 13509 Books
      KAUAET   07/04/2012 581.4 13510 Books
      KAUAET   07/04/2012 581.4 13511 Books
      KAUAET   07/04/2012 581.4 13738 Books
Withdrawn     KAUAET   07/04/2012 581.4 13739 Books
      KAUAET KAUAET 07/04/2012 581.4 13512 Books
      KAUAET KAUAET 07/04/2012 581.4 13734 Books
      KAUAET KAUAET 26/10/2023 581.4 MAL/AN 13733 Books
      KAUAET KAUAET 26/10/2023 581.4 MAL/AN 13737 Books
free website counter